| 000 | 004320000a22001450004500 | ||
|---|---|---|---|
| 041 | 0 | _aspa | |
| 082 | 0 | 4 | _aG 980 A2111a |
| 100 | 1 | _aAdams, Mildred (1894-) | |
| 245 | 1 | 0 | _aAmérica Latina : ¿Evolución o explosión? / Mildred Adams ; Sara Galofre,Traductor |
| 260 | _aMéxico : Libreros Mexicanos Unidos | ||
| 300 | _a429 Pag | ||
| 500 | _aTítulo original : Latin America: evolution or explosion? | ||
| 001 | 11625 | ||
| 942 | _cBK | ||
| 999 |
_c40847 _d40847 |
||